00271nam a2200109Ia 4500008004100000041000800041082001400049100002000063245002500083260002000108300003300128240624s9999 xx 000 0 und d aeng a658.8 KAS aKASHYAP PRADEEP aRURAL MARKETING BOOK c2007bBiztantra axviii, : 354 : p. : cm. ; 26